El mundo en vísperas : filosofía y conciencia histórica /

Guardado en:
Autor Principal: Pérez Lindo, Augusto
Formato: Libro
Publicado: Buenos Aires : Biblos, 2012
Materias:
Etiquetas: Agregar Etiqueta
Sin Etiquetas, Sea el primero en etiquetar este registro!
LEADER 00620nam a22001935a 4500
001 EHU.bham044488
003 AR-BHAM
005 20191002085802.0
008 130507s2012##################000#0#####d
020 |a 9789507869921 
082 1 9 |a 199.82 
100 1 |a Pérez Lindo, Augusto 
245 1 0 |a El mundo en vísperas :  |b filosofía y conciencia histórica /  |c  Augusto Pérez Lindo 
260 |a Buenos Aires :  |b Biblos,  |c 2012 
300 |a 229 p. 
653 |a Filosofía-introducción a la 
653 |a Filosofía argentina 
653 |a Historia y filosofía 
859 |a AR-BHAM  |b BIB. HUMANIDADES - General  |h 199.82  |i P415-1  |p 758.16  |t Ej.1